| 000 | 00328nam a2200133Ia 4500 | ||
|---|---|---|---|
| 005 | 20260328104329.0 | ||
| 008 | 260328s9999||||xx |||||||||||||| ||und|| | ||
| 100 | _aKandinsky, Vasili | ||
| 245 | 0 |
_aPunto y Línea sobre el Plano / _cVasili Kandinsky |
|
| 260 | _bPaidós | ||
| 300 | _a158 p. | ||
| 650 | _aHISTORIA | ||
| 942 | _cBK | ||
| 999 |
_c11637 _d11637 |
||